Information networks : planning and design

Αποθηκεύτηκε σε:
Λεπτομέρειες βιβλιογραφικής εγγραφής
Κύριος συγγραφέας: Etheridge, David
Άλλοι συγγραφείς: Simon, Errol
Μορφή: Βιβλίο
Γλώσσα:English
Δημοσίευση: New York : Prentice Hall, 1992
Θέματα:
Ετικέτες: Προσθήκη ετικέτας
Δεν υπάρχουν, Καταχωρήστε ετικέτα πρώτοι!

MARC

LEADER 00000nam a2200000 i 4500
001 1/20282
008 950727s1992 eng d
020 |a 0134654021 ((pbk))  |c $44.00 
035 |l 10021522 
040 |a GR-MY-UA  |b gre  |e aacr 
041 0 |a eng 
082 0 |a 004.6068  |2 (20) 
100 1 |a Etheridge, David. 
245 1 0 |a Information networks :  |b planning and design /  |c David Etheridge and Errol Simon 
260 |a New York :   |b Prentice Hall,   |c 1992 
300 |a xiv, 290 p. 
504 |a Includes bibliographical references and index 
650 0 0 |a System design. 
650 0 0 |a Computer networks. 
700 1 |a Simon, Errol. 
852 |a INST  |b CHIOS  |e 19950727  |h 004.6068 ETH  |p 005200006769  |q 005200006769  |t BK  |y 0 
909 |a Χ  |b 024121 
922 |a 2ΕΛΗ  |b 199205  |c ΣΑΚΕΛΛΑΡΙΔΗΣ